00667 2200253 4500001002100000005001700021008004100038020002200079035002500101040001200126082001400138084001400152245005900166250001100225260003200236300002300268500001100291650002400302700002100326850001200347990001800359990001800377990001800395INLIS00000000000556820150804093335.0  a978-602-7874-70-1 a0010-051500000000701 aYOPDYOG 223a297.8 a297.8 Jim aJIMAT NUc/ Binhad Nurrohmat [et.all]; Editor, Rose KR aCet. 1 aSlemanbAr-Ruzz Mediac2014 a300 hlm.c; 20 cm. aIndeks aIslam -- Organisasi aBINHAD Nurrohmat aYOPDYOG a12900-PD/B.15 a12901-PD/B.15 a12902-PD/B.15